| 000 | 00641nam a2200193 4500 | ||
|---|---|---|---|
| 001 | 121102 | ||
| 003 | ES-MaACL | ||
| 005 | 20230906191704.0 | ||
| 007 | t| | ||
| 008 | 070214s1958 sp r ||||1| spa d | ||
| 100 | 1 |
_aPons, Celso Joaniquet. _992984 |
|
| 245 | 1 | 0 |
_aFundamentos filosóficos del código mundial / _cpor Celso Joaniquet Pons. |
| 250 | _a3ª. ed. | ||
| 260 |
_aBarcelona : _b[s.n.], _c1958. |
||
| 300 |
_a200 p. ; _c18 cm. |
||
| 500 | _aPrecede al Tit : Unión Internacional de Abogados Sección Española. | ||
| 710 | 2 |
_aUnión Internacional de Abogados Sección Española. _97040 |
|
| 852 |
_aES-MaACL _jC-21356 _bR.49662 |
||
| 999 |
_c121102 _d121102 |
||